000
00309nam a2200097Ia 4500
008
190716s9999 xx 000 0 und d
082
_a
TG- 302#
100
_a
Gangi Reddy, Y.
245
0
_a
Study of rural industrialisation in drought prone region : with special reference to Anantpur district
942
_c
MF
_2
DDC
999
_c
24009
_d
24009